|
|
|
|
| LEADER |
02353nam a22003977a 4500 |
| 001 |
42154 |
| 003 |
BD-DhAAL |
| 008 |
240201t2023 bg ||||| b||| 000 0 ben d |
| 020 |
|
|
|a 9789849724698
|
| 020 |
|
|
|a 9841805049
|
| 040 |
|
|
|a BD-DhAAL
|c BD-DhAAL
|
| 041 |
|
|
|a ben
|
| 082 |
|
|
|a 954.92
|2 23
|
| 245 |
|
|
|a বাঙালির ইতিহাসচিন্তা.
|n ষোড়শ খণ্ড /
|c সম্পাদক, মোঃ মোফাখ্খারুল ইসলাম ; গ্রন্থমালা সম্পাদক, আবদুল্লাহ আবু সায়ীদ.
|
| 246 |
|
|
|a Bangalir chintamulok rochona shongroho :
|b itihash [shorosh khondo]
|
| 246 |
|
|
|a A collection of Bengali thoughts :
|b history [volume : 16]
|
| 264 |
|
|
|a ঢাকা :
|b বিশ্বসাহিত্য কেন্দ্র,
|c ২০২৩.
|
| 300 |
|
|
|a ৩০৮ পৃষ্ঠা ;
|c ২২ সে.মি.
|
| 362 |
|
|
|a Vol. 16
|
| 490 |
|
|
|a বাঙালির চিন্তামূলক রচনা সংগ্রহ ;
|v ১৬
|
| 490 |
|
|
|a বিশ্বসাহিত্য কেন্দ্র প্রকাশনা ;
|v ৫০৫
|
| 500 |
|
|
|a প্রথম প্রকাশ.
|
| 504 |
|
|
|a গ্রন্থপঞ্জিগত নির্দেশিকা অন্তর্ভুক্ত।
|
| 526 |
|
|
|a AAL, RS
|
| 541 |
|
|
|a Bishwo Shahitto Kendro
|e 42154, 42208
|
| 651 |
|
|
|a Bangladesh
|x History.
|
| 651 |
|
|
|a Bengal (India)
|x History.
|
| 700 |
|
|
|a ইসলাম, মোঃ মোফাখ্খারুল.
|9 56002
|
| 700 |
|
|
|a সায়ীদ, আবদুল্লাহ আবু.
|
| 830 |
|
|
|a বাঙালির চিন্তামূলক রচনা সংগ্রহ ;
|v ১৬
|9 56003
|
| 830 |
|
|
|a বিশ্বসাহিত্য কেন্দ্র প্রকাশনা ;
|v ৫০৫
|9 53391
|
| 852 |
|
|
|a Ayesha Abed Library
|
| 942 |
|
|
|2 ddc
|c BK
|
| 999 |
|
|
|c 46352
|d 46352
|
| 952 |
|
|
|0 0
|1 0
|2 ddc
|4 0
|6 954_920000000000000_BAN
|7 1
|9 75032
|a SCL
|b SCL
|c REF
|d 2024-01-31
|e Bishwo Shahitto Kendra
|g 390.00
|l 0
|o 954.92 BAN
|p 3020042208
|r 2024-01-31
|t 2
|v 780.00
|w 2024-01-31
|y BK
|
| 952 |
|
|
|0 0
|1 0
|2 ddc
|4 0
|6 954_920000000000000_BAN
|7 1
|9 75033
|a BRACUL
|b BRACUL
|c REF
|d 2024-01-31
|e Bishwo Shahitto Kendra
|g 390.00
|l 0
|o 954.92 BAN
|p 3010042154
|r 2024-01-31
|t 1
|v 780.00
|w 2024-01-31
|y BK
|